2 Letter Words Quiz Stats

 Plays Quiz not verified by Sporcle

Score 0/16 Timer 01:00
0 Plays Today
word % Correct
it
70.6%
an
65.9%
in
64.3%
at
61.9%
is
59.5%
be
52.4%
no
48.4%
me
47.6%
word % Correct
of
46%
do
41.3%
so
37.3%
we
30.2%
up
27.8%
he
23%
hi
21.4%
us
13.5%

You're not logged in!

Compare scores with friends on all Sporcle quizzes.
OR
Log In

You Might Also Like...

Show Comments

Extras

Created Mar 12, 2010ReportNominate

Top Quizzes Today


Score Distribution

Your Account Isn't Verified!

In order to create a playlist on Sporcle, you need to verify the email address you used during registration. Go to your Sporcle Settings to finish the process.

Report this User

Report this user for behavior that violates our Community Guidelines.

Details: